| 000 | 01095cam a22003135i 4500 | ||
|---|---|---|---|
| 999 |
_c12562 _d12562 |
||
| 003 | EG-ScBUE | ||
| 005 | 20200205103625.0 | ||
| 008 | 200205t20082008miua f 000 0 eng d | ||
| 020 | _a9780472032051 | ||
| 040 |
_aEG-ScBUE _beng _erda _cEG-ScBUE _dEG-ScBUE |
||
| 082 | 0 | 4 |
_a428.64 _bSIL _222 |
| 100 | 1 |
_aSilberstein, Sandra, _d1948- _eauthor. _98415 |
|
| 245 | 1 | 0 |
_aReader's choice / _cSandra Silberstein, Barbara K. Dobson, Mark A. Clarke. |
| 250 | _aFifth edition. | ||
| 264 | 1 |
_aAnn Arbor, Michigan : _bUniversity of Michigan Press, _c[2008] |
|
| 264 | 4 | _cc2008 | |
| 300 |
_axiv, 394 pages : _billustrations (color) ; _c28 cm |
||
| 336 |
_atext _btxt _2rdacontent |
||
| 337 |
_aunmediated _bn _2rdamedia |
||
| 338 |
_avolume _bnc _2rdacarrier |
||
| 504 | _aIncludes bibliographical references and index. | ||
| 650 | 7 |
_aCollege readers. _2BUEsh _98412 |
|
| 650 | 7 |
_aEnglish language _xStudy and teaching _xForeign speakers. _2BUEsh |
|
| 651 | _2BUEsh | ||
| 653 | _bHHUUEENN | ||
| 700 | 1 |
_aDobson, Barbara K., _eauthor. _98417 |
|
| 700 | 1 |
_aClarke, Mark A., _eauthor. _98418 |
|
| 942 |
_cBB _2ddc |
||